000 00641nam a2200265Ia 4500
005 20260121171937.0
008 008 260114s9999 xx 000 0 eng d
020 _a9789811537974
037 _aEBOOK
040 _aCRL
040 _beng
040 _cCRL
041 _2eng
041 _aeng
084 _qCRL
100 _aYankai Xia
_91082369
245 0 _aEarly-life Environmental Exposure and Disease
260 _bSpringer
260 _bSpringer
260 _c2020
856 _uhttps://link.springer.com/openurl?genre=book&isbn=978-981-15-3797-4
942 _cEBOOK
999 _c1648102
_d1648102